Additifs et auxiliaires de fabrication dans les industries agro-alimentaires / (Record no. 13223)

000 -LEADER
fixed length control field 00550nam a2200157 a 4500
020 ## - INTERNATIONAL STANDARD BOOK NUMBER
ISBN 2852062429
040 ## - CATALOGING SOURCE
Transcribing agency DLC
082 00 - DEWEY DECIMAL CLASSIFICATION NUMBER
Classification number 664 APR 1984 A045 Or.
245 00 - TITLE STATEMENT
Title Additifs et auxiliaires de fabrication dans les industries agro-alimentaires /
260 ## - PUBLICATION, DISTRIBUTION, ETC. (IMPRINT)
Place of publication Paris :
Name of publisher Technique & documentation, Lavoisier :
-- APRIA,
Year of publication c1984.
300 ## - PHYSICAL DESCRIPTION
Number of Pages xxx, 680 p. :
Other physical details ill. ;
Dimensions 25 cm.
500 ## - GENERAL NOTE
General note Title on spine: Additifs & auxiliaires de fabrication dans les industries agro-alimentaires.
650 #0 - SUBJECT ADDED ENTRY--TOPICAL TERM
Topical Term Food additives
700 1# - ADDED ENTRY--PERSONAL NAME
Personal name Multon, J. L.
942 ## - ADDED ENTRY ELEMENTS (KOHA)
Koha item type សៀវភៅភាសាអង់គ្លេស
952 ## - LOCATION AND ITEM INFORMATION (KOHA)
Withdrawn status [LOCAL, KOHA] 0
Holdings
Permanent Location Date acquired Koha item type Lost status Shelving location Barcode Current Location Full call number
Library Block A2017-08-22សៀវភៅភាសាអង់គ្លេស A045A19401Library Block A664 APR 1984 A045 Co.
មជ្ឈមណ្ឌលឯការនៃសាកលវិទ្យាល័យភូមិន្ទកសិកម្មចំការដូង

Powered by Koha